000 03095nam a2200445Ii 4500
001 9781787565319
003 UtOrBLW
005 20210303084924.0
006 m o d
007 cr un|||||||||
008 180815s2018 enk ob 001 0 eng d
020 _a9781787565319 (e-book)
040 _aUtOrBLW
_beng
_erda
_cUtOrBLW
050 4 _aHT1523
_b.B53 2018
072 7 _aJFSL1
_2bicssc
072 7 _aSOC056000
_2bisacsh
080 _a316.7
082 0 4 _a305.8
_223
100 1 _aJoseph-Salisbury, Remi,
_eauthor.
245 1 0 _aBlack mixed-race men :
_btransatlanticity, hybridity and 'post-racial' resilience /
_cby Remi Joseph-Salisbury.
264 1 _bEmerald Publishing Limited,
300 _a1 online resource (vii, 226 pages).
490 0 _aCritical Mixed Race Studies
500 _aIncludes index.
504 _aIncludes bibliographical references.
520 _aWhilst scholarship has increasingly moved to consider mixedness and the experiences of mixed-race people, there has been a notable lack of attention to the specific experiences of mixed-race men. This is despite growing recognition of the particular ways race and gender intersect. By centring the accounts of Black mixed-race men in the United Kingdom and United States, this book offers a timely intervention that extends the theoretical terrain of race and ethnicity scholarship and of studies of gender and masculinities. As it treads new and important ground, this book draws upon theories of performativity and hybridity in order to understand how Black mixed-race men constitute and reconstitute complex and multiplicitous identities. Post-racial conditions mean that Black mixed-race men engage in such processes in a context where the significance of race and racism is rendered invisible and denied. By introducing the theoretical concept of post-racial resilience, this study strives to capture and celebrate the contemporary, creative and innovative ways in which Black mixed-race men refuse the fragmentation and erasure of their identities. As it does so, the author offers a corrective to popular representations that have too readily pathologized Black mixed-race men. Focusing on the everyday through a discussion of Black mixed-race mens racial symbolism, experiences of racial microaggressions, and interactions with peers, "Black Mixed-Race Men: Transatlanticity, Hybridity and Post-Racial Resilience" offers an in-depth insight into a previously neglected area of scholarship.
588 0 _aPrint version record
650 0 _aBlacks
_xRace identity.
650 0 _aRacially mixed people
_xRace identity.
650 0 _aEthnicity.
650 0 _aSelf-acceptance.
650 7 _aSocial Science / Black Studies (Global).
_2bisacsh
650 7 _aEthnic minorities & multicultural studies.
_2bicssc
776 _z9781787565326
856 4 0 _uhttps://www.emerald.com/insight/publication/doi/10.1108/9781787565319
999 _c30085
_d30085